| 000 | 00847cab a2200289 4500 | ||
|---|---|---|---|
| 001 | WB3127-15 | ||
| 008 | 090401t1995 xxu||||| |||| 00| 0 eng d | ||
| 035 | _a(Sirsi) u28893 | ||
| 041 | _aeng | ||
| 245 | _aOutside help for UK housing bodies | ||
| 260 | _c1995 | ||
| 350 | _a0 | ||
| 490 |
_aFinancial Times _v11 July 1995, 10(1) |
||
| 520 | _aJapanese and German banks are lending to UK housing associations, which they see as low risk since no association has ever defaulted. | ||
| 650 | _aBANK LENDING | ||
| 650 | _aBAYERISCHE VEREINSBANK | ||
| 650 | _aGERMANY | ||
| 650 | _aHOUSING ASSOCIATIONS | ||
| 650 | _aINWARD INVESTMENT | ||
| 650 | _aJAPAN | ||
| 650 | _aLANDESBANK HESSEN-THURINGEN | ||
| 650 | _aNOMURA INTERNATIONAL | ||
| 650 | _aYAMAICHI BANK | ||
| 690 | _aHOUSING-FINANCE | ||
| 942 | _n0 | ||
| 948 | _c04/03/1997 | ||
| 999 |
_c19438 _d19438 |
||